书目信息 |
| 题名: |
重构与融合:电影产业新格局
|
|
| 作者: | 靳斌著 | |
| 分册: | ||
| 出版信息: | 北京 知识产权出版社 2016 |
|
| 页数: | 286页 | |
| 开本: | 24cm | |
| 丛书名: | “互联网+”与文化发展研究系列丛书 | |
| 单 册: | ||
| 中图分类: | J992 | |
| 科图分类: | ||
| 主题词: | 电影事业--产业发展--研究--中国 | |
| 电子资源: | ||
| ISBN: | 978-7-5130-3901-7 | |
| 000 | 01053nam0 2200229 450 | |
| 001 | 2772 | |
| 005 | 20161206093633.25 | |
| 010 | @a978-7-5130-3901-7@dCNY45.00 | |
| 100 | @a20160614d2016 em y0chiy50 ea | |
| 101 | 0 | @achi |
| 102 | @aCN@b110000 | |
| 105 | @ay z 000yy | |
| 200 | 1 | @a重构与融合:电影产业新格局@f靳斌著 |
| 210 | @a北京@c知识产权出版社@d2016 | |
| 215 | @a286页@d24cm | |
| 225 | 1 | @a“互联网+”与文化发展研究系列丛书 |
| 300 | @a国家出版基金项目 文化部“十三五”时期文化改革发展规划重大课题 | |
| 330 | @a互联网的诞生,带来一场信息化、数字化革命,使我们的生活发生翻天覆地的变化。本书详细分析了在互联网+时代背景下的电影产业新格局。从电影最初的制作、发行、放映,再到营销、衍生品的开发,阐释了互联网赋予电影产业新的生命。书稿例证新颖,内容广泛,涉及“BAT”(百度、阿里、腾讯),美团、优酷土豆、乐视、游族等,鸟瞰互联网+背景下的电影格局,对中国电影产业发展方向做出了独到的分析和评价。 | |
| 606 | 0 | @a电影事业@x产业发展@x研究@y中国 |
| 690 | @aJ992@v5 | |
| 801 | 0 | @aCN@b大连网信软件有限公司图书馆·11@c20161206 |
| 905 | @aZUCC@dJ992@e295 | |
| 重构与融合:电影产业新格局/靳斌著.-北京:知识产权出版社,2016 |
| 286页;24cm.-(“互联网+”与文化发展研究系列丛书) |
| 国家出版基金项目 文化部“十三五”时期文化改革发展规划重大课题 |
| ISBN 978-7-5130-3901-7:CNY45.00 |
| 互联网的诞生,带来一场信息化、数字化革命,使我们的生活发生翻天覆地的变化。本书详细分析了在互联网+时代背景下的电影产业新格局。从电影最初的制作、发行、放映,再到营销、衍生品的开发,阐释了互联网赋予电影产业新的生命。书稿例证新颖,内容广泛,涉及“BAT”(百度、阿里、腾讯),美团、优酷土豆、乐视、游族等,鸟瞰互联网+背景下的电影格局,对中国电影产业发展方向做出了独到的分析和评价。 |
| ● |
| 相关链接 |
|
|
|
|
正题名:重构与融合:电影产业新格局
索取号:J992/295
 
预约/预借
| 序号 | 登录号 | 条形码 | 馆藏地/架位号 | 状态 | 备注 |
| 1 | 911234 | 209112342 | 第一样本阅览室/ [索取号:J992/295] | 在馆 | |
| 2 | 911235 | 209112351 | 第一借阅区/ [索取号:J992/295] | 在馆 | |
| 3 | 911236 | 209112360 | 第一借阅区/ [索取号:J992/295] | 在馆 | |
| 4 | 911237 | 209112379 | 第一借阅区/ [索取号:J992/295] | 在馆 | |
| 5 | 911238 | 209112388 | 第一借阅区/ [索取号:J992/295] | 在馆 |